Kepelbagaian agama dan etnik dalam pembentukan negara bangsa (Record no. 135840)

MARC details
000 -LEADER
fixed length control field 00831nam a2200253 i 4500
001 - CONTROL NUMBER
control field C2-0338515
003 - CONTROL NUMBER IDENTIFIER
control field PPAK
005 - DATE AND TIME OF LATEST TRANSACTION
control field 20180728140834.0
008 - FIXED-LENGTH DATA ELEMENTS--GENERAL INFORMATION
fixed length control field 161108s2016 my |||| ||||| | may d
020 ## - INTERNATIONAL STANDARD BOOK NUMBER
International Standard Book Number 9789670876559
040 ## - CATALOGING SOURCE
Original cataloging agency PPAK
Language of cataloging eng
Transcribing agency PPAK
Description conventions rda
082 04 - DEWEY DECIMAL CLASSIFICATION NUMBER
Classification number 305.8009595
Edition number 23
090 00 - LOCALLY ASSIGNED LC-TYPE CALL NUMBER (OCLC); LOCAL CALL NUMBER (RLIN)
Classification number (OCLC) (R) ; Classification number, CALL (RLIN) (NR) 305.8009595
Feature heading KEP
Feature heading G
245 00 - TITLE STATEMENT
Title Kepelbagaian agama dan etnik dalam pembentukan negara bangsa
264 #1 - PRODUCTION, PUBLICATION, DISTRIBUTION, MANUFACTURE, AND COPYRIGHT NOTICE
Place of production, publication, distribution, manufacture Sintok, Kedah :
Name of producer, publisher, distributor, manufacturer UUM Press ,
Date of production, publication, distribution, manufacture, or copyright notice 2016
300 ## - PHYSICAL DESCRIPTION
Extent xviii, 216 pages ;
Dimensions 23 cm
336 ## - CONTENT TYPE
Source rdacontent
Content type term text
337 ## - MEDIA TYPE
Source rdamedia
Media type term unmediated
338 ## - CARRIER TYPE
Source rdacarrier
Carrier type term volume
500 ## - GENERAL NOTE
General note Bibliography pages : 209-211 ; Includes indexes
650 10 - SUBJECT ADDED ENTRY--TOPICAL TERM
Topical term or geographic name entry element Ethnicity - Malaysia. ; Ethnicity - Religious aspects - Islam. ; Malaysia - Ethnic relations.
700 0# - ADDED ENTRY--PERSONAL NAME
Personal name Afifah Abu Yazid,
Relator term editor
942 ## - ADDED ENTRY ELEMENTS (KOHA)
-- dc
Koha item type Book
Holdings
Withdrawn Not for loan Current library Shelving location Date acquired Total Checkouts Total Renewals Full call number Barcode Date last seen Date last checked out Koha item type
    Perpustakaan Alor Setar Pinjaman Dewasa 12/03/2017 7 2 305.8009595 KEP A00730451 12/03/2023 20/02/2023 Book
    Perpustakaan Alor Setar Pinjaman Dewasa 29/11/2016 9 1 305.8009595 KEP A01500910 26/02/2022 22/02/2022 Book
    Perpustakaan Awam Sungai Petani Pinjaman Dewasa 29/11/2016 3   305.8009595 KEP A01500911 02/02/2026 16/04/2025 Book
    Perpustakaan Baling Pinjaman Dewasa 12/03/2017 1   305.8009595 KEP A00730452 05/09/2020 22/08/2020 Book
    Perpustakaan Jitra Pinjaman Dewasa 29/11/2016 3   305.8009595 KEP A01500912 09/05/2022 06/04/2022 Book
    Perpustakaan Kulim Pinjaman Dewasa 29/11/2016 1   305.8009595 KEP A01500913 30/09/2025 08/09/2025 Book
    Perpustakaan Langkawi Pinjaman Dewasa 29/11/2016     305.8009595 KEP A01500914 09/05/2018   Book